| 000 | 02182nam0a2200397 4500 | ||
|---|---|---|---|
| 001 | RU\NLR\bibl\1265118 | ||
| 005 | 20250615132359.0 | ||
| 010 |
_a978-5-377-01917-6 _915000 |
||
| 021 |
_aRU _b2008-49716 _92752 |
||
| 035 | _a(NLR Aleph) 001251062 | ||
| 090 |
_a319355 _c319355 |
||
| 100 | _a20080825d2009 |||y0rusy50 ca | ||
| 101 | 0 | _arus | |
| 102 | _aRU | ||
| 105 | _aa ||||||||| | ||
| 200 | 1 |
_aДомашняя работа по черчению за 7-8 классы к учебнику "Черчение: учеб. для общеобразоват. учреждений / А.Д. Ботвинников, В.Н. Виноградов, И.С. Вышнепольский. - М.: АСТ: Астрель, 2008" _eучебно-методическое пособие _fД.И. Чепаев |
|
| 205 | _aИзд. 6-е, перераб. и испр. | ||
| 210 |
_aМосква _cЭкзамен _d2009 [т. е. 2008] |
||
| 215 |
_a94 с. _cил. _d20 |
||
| 225 | 1 | _aСерия Решебник | |
| 225 | 1 | _aNew | |
| 225 | 1 | _aТолько для родителей | |
| 300 | _aЗагл. обл.: Домашняя работа по черчению: 7-8 | ||
| 300 | _aНа обл. авт. не указан | ||
| 300 | _aКн. фактически изд. в 2008 г. | ||
| 422 | 0 |
_12001#$aЧерчение$eучебник для 7-8 класса общеобразовательны учреждений _1700#1$3RU\NLR\auth\775065$aБотвинников$bА. Д.$gАлександр Давидович и др.$4070 _1205##$a4-е изд., дораб. _1210##$aМосква$cАСТ$cАстрель$d2008 _tЧерчение _aБотвинников, Александр Давидович и др. |
|
| 512 | 1 |
_aДомашняя работа по черчению _e7-8 |
|
| 606 | 1 |
_aЧерчение _jУчебные издания для средней школы _xЗадачи _xРешение _92377828 _3RU\NLR\auth\661418870 |
|
| 686 | _aЖ11я721-41 | ||
| 700 | 1 |
_aЧепаев _bД. И. _gДмитрий Иванович _4070 |
|
| 801 | 0 |
_aRU _bNLR _c20080825 _gRCR |
|
| 801 | 1 |
_aRU _bNLR _c20080825 |
|
| 830 | _aАвт. по кн | ||
| 942 | _cBOOK | ||
| 980 | _aNB | ||